• 首页
  • 本馆介绍
  • 公告通知
  • 最新文献
  • 馆藏检索
  • 电子资源
  • 读者导购
  • 参考咨询
  • 我的图书馆
  • 登录
  • 详细信息显示
  • 放入我的书架
  • 预约/预借图书
  • 作者相关作品
  • 分类相关作品
  • 丛书相关作品
  • 出版社相关作品

书目信息

  • 表格格式
  • 工作单格式
  • 卡片格式
题名:
曹妃甸滩涂开发利用与环境效应
    
 
作者: 陆永军 著
分册:  
出版信息: 北京   科学出版社  2013.10
页数: 365页
开本: 25cm
丛书名:
单 册:
中图分类: P748 , X24
科图分类:
主题词: 海涂资源--资源利用--关系--环境效应--研究--滦南县 , 海涂资源 , 资源利用 , 环境效应
电子资源:
ISBN: 978-7-03-038820-9
000 01048nam0 2200289 450
001 0120131168608
005 20140609154325.64
010    @a978-7-03-038820-9@b精装@dCNY118.00
100    @a20131119d2013 em y0chiy0110 ea
101 0  @achi
102    @aCN@b110000
105    @aabk z 000yy
106    @ar
200 1  @a曹妃甸滩涂开发利用与环境效应@9cao fei dian tan tu kai fa li yong yu huan jing xiao ying@f陆永军等著
210    @a北京@c科学出版社@d2013.10
215    @a365页@c图,地图@d25cm
330    @a本书针对滩涂开发中可能存在的资源、环境和生态问题,选择我国规模最大的滩涂开发工程——曹妃甸工业区开发建设,总结分析了曹妃甸海区动力地貌体系的形成演变过程、水沙输移机制和滩槽冲淤演变规律等。
333    @a水利工程、港口航道等方面的科技人员和高校师生
606 0  @a海涂资源@x资源利用@x关系@x环境效应@x研究@y滦南县
606 0  @a海涂资源
606 0  @a资源利用
606 0  @a环境效应
690    @aP748@v5
690    @aX24@v5
701  0 @a陆永军@9lu yong jun@4著
801  0 @aCN@b人天书店@c20131119
905    @b549857-58@dP748@e59@f2
    
    曹妃甸滩涂开发利用与环境效应/陆永军等著.-北京:科学出版社,2013.10
    365页:图,地图;25cm
    使用对象:水利工程、港口航道等方面的科技人员和高校师生
    
    ISBN 978-7-03-038820-9(精装):CNY118.00
    本书针对滩涂开发中可能存在的资源、环境和生态问题,选择我国规模最大的滩涂开发工程——曹妃甸工业区开发建设,总结分析了曹妃甸海区动力地貌体系的形成演变过程、水沙输移机制和滩槽冲淤演变规律等。
●
相关链接 在E读中查询图书 在五车中查询图书 在当当中查询图书 在豆瓣中查询图书


正题名:曹妃甸滩涂开发利用与环境效应     索取号:P748/59         预约/预借

序号 登录号 条形码 馆藏地/架位号 状态 备注
1 549857   205498576   第二样本阅览室/ [索取号:P748/59] 在馆    
2 549858   205498585   第三借阅区/ [索取号:P748/59] 在馆    
唐山师范学院图书馆 欢迎您!
大连网信软件有限公司© 版权所有